Clubs to have won a English league trophy; Premier League, FA Cup, League Cup - Statistics

General Stats
  • This quiz has been taken 2,026 times
  • The average score is 48 of 64
Answer Stats
Premier League % Correct
1 Arsenal
99%
2 Arsenal
99%
3 Arsenal
99%
1 Chelsea
99%
2 Chelsea
99%
3 Chelsea
99%
1 Manchester City
99%
2 Manchester City
99%
3 Manchester City
99%
1 Manchester United
99%
2 Manchester United
99%
3 Manchester United
99%
1 Leicester City
95%
3 Leicester City
95%
2 Liverpool
95%
3 Liverpool
95%
1 Blackburn Rovers
93%
2 Blackburn Rovers
93%
3 Blackburn Rovers
93%
2 Tottenham Hotspur
91%
3 Tottenham Hotspur
91%
2 Aston Villa
86%
3 Aston Villa
86%
2 Everton
86%
2 Newcastle United
86%
2 West Ham
83%
2 Leeds United
82%
3 Leeds United
82%
3 Nottingham Forest
80%
2 Sunderland
80%
2 Southampton
78%
2 Wolverhampton Wanderers
76%
3 Wolverhampton Wanderers
76%
2 Portsmouth
75%
2 Wigan Athletic
72%
2 West Brom
71%
3 West Brom
71%
3 Birmingham City
70%
3 Norwich City
70%
2 Sheffield United
70%
2 Ipswich Town
69%
2 Derby County
68%
2 Sheffield Wednesday
68%
3 Sheffield Wednesday
68%
2 Burnley
67%
3 Swansea City
67%
2 Cardiff City
66%
2 Bolton Wanderers
65%
3 Stoke City
61%
2 Blackpool
60%
2 Coventry City
60%
3 Queens Park Rangers
59%
2 Wimbledon
59%
2 Huddersfield Town
57%
2 Preston North End
55%
3 Middlesbrough
54%
2 Charlton Athletic
51%
2 Bradford City
47%
2 Barnsley
45%
3 Luton Town
45%
3 Oxford United
41%
3 Swindon Town
40%
2 Bury
36%
2 Nottingham Forest
26%
No matching quizzes found
Score Distribution
Percent of People with Each Score
Percentile by Number Answered
Your Score History
You have not taken this quiz